Crònica o comentaris / del gloriosissim y invictissim rei en Jaume Primer rei d'Arago, de Mallorca y de Valencia, Compte de Barcelona, d'Urgell y de Montpeller ; feta y escrita per aquell en sa llengua natural
Descripción Física:
224, 254 p. ; 22 cm
Colección:
Biblioteca Clássica Catalana
MARC
| LEADER | 00000nam a2200000Ia 4500 | ||
|---|---|---|---|
| 001 | 19825 | ||
| 008 | 160829s1905 xx 000 0 cat d | ||
| 080 | |a R-12-88 | ||
| 100 | 0 | |a Jaume |b I, |c rei de Catalunya-Aragó, |d 1208-1276 |9 22675 | |
| 245 | |a Crònica o comentaris / del gloriosissim y invictissim rei en Jaume Primer rei d'Arago, de Mallorca y de Valencia, Compte de Barcelona, d'Urgell y de Montpeller ; feta y escrita per aquell en sa llengua natural | ||
| 260 | |a Barcelona : |b Tipografía Catalana, |c 1905 | ||
| 300 | |a 224, 254 p. ; |c 22 cm | ||
| 490 | |a Biblioteca Clássica Catalana | ||
| 590 | |a Enquadernació en tela i dibuixos en colors, a la coberta | ||
| 650 | |a Corona catalanoaragonesa |x História |x S. XIII |x Fonts |9 22676 | ||
| 901 | |a Arxiu | ||
| 942 | |n 1 | ||
| 952 | |0 0 |1 0 |4 0 |6 R1288 |7 1 |9 51623 |a Arxiu |b Arxiu |d 2016-12-01 |l 0 |o R-12-88 |p 19825 |r 2016-12-01 00:00:00 |w 2016-12-01 |y ARXIU | ||
| 999 | |c 55468 |d 55468 | ||